| 000 | 00909nam a2200253Ia 4500 | ||
|---|---|---|---|
| 003 | OSt | ||
| 005 | 20221005102912.0 | ||
| 006 | a|||||r|||| 00| 0 | ||
| 007 | ta | ||
| 008 | 221004b |||||||| |||| 00| 0 hin d | ||
| 024 | _a108695 | ||
| 037 | _cTextual | ||
| 040 |
_aCRL _cCRL _bhin |
||
| 041 |
_2hin _ahin |
||
| 082 | _aO152,1M97:g, K9 | ||
| 100 | _aमिश्र, शिवप्रसाद | ||
| 245 | 0 |
_aसियारामशरण गुप्त _b व्यक्तित्व और कृतित्व |
|
| 246 | _aSiyārāmasharaṇ gupta: vyaktitva aur kṛutitva | ||
| 260 |
_aइन्दौर _bकमल प्रकाशन भारत _c1969 |
||
| 300 |
_a384पृ0 _ccm. |
||
| 650 | _aहिन्दी साहित्य | ||
| 942 |
_hO152,1M97:g, K9 _cTEXL _2cc |
||
| 999 |
_c1009087 _d1009087 |
||